|
|
|
|
| LEADER |
01053nam a22003132a 4500 |
| 001 |
000242811 |
| 003 |
CZ BrMZK |
| 005 |
20251024090219.0 |
| 007 |
ta |
| 008 |
950101s1990 xr f 000 0 cze d |
| 015 |
|
|
|a cnb000055372
|
| 020 |
|
|
|z 80-103-0069-4
|q (Brož.)
|z 80-203-0058-9 :
|c Kčs 20,00
|
| 035 |
|
|
|a (OCoLC)22476535
|
| 040 |
|
|
|a ABA001
|b cze
|d ABA001
|d BOA001
|
| 080 |
|
|
|a 885.0-21
|2 undef
|
| 080 |
|
|
|a 885.0-25
|2 undef
|
| 100 |
1 |
|
|a Sidon, Karol,
|d 1942-
|7 jk01111263
|4 aut
|
| 245 |
1 |
0 |
|a Shapira /
|c Karol Sidon
|
| 250 |
|
|
|a 1. vyd
|
| 260 |
|
|
|a Praha :
|b Dilia,
|c 1990
|e (Čes. Budějovice :
|f PVT)
|
| 300 |
|
|
|a 64 s. ;
|c 20 cm
|
| 490 |
1 |
|
|a Minus 21 - edice bez dohledu. Řada celovečerních her ;
|v sv. 8
|
| 500 |
|
|
|a Pozn. o autorovi
|
| 500 |
|
|
|a 1000 výt.
|
| 500 |
|
|
|a Obálka František Štorm
|
| 830 |
|
0 |
|a Minus 21 - edice bez dohledu.
|p Řada celovečerních her
|0 s
|
| 910 |
|
|
|a BOA001
|b 2-0952.676
|b KPB-0001.238
|
| 990 |
|
|
|a BK
|
| 996 |
6 |
|
|b 2619872733
|c 2-0952.676
|l MZK
|r Sklad / do 1 hodiny
|n 17
|w 000242811
|u 000010
|a 1
|e BOA001
|j MZK50
|s P
|